Countries on the Southern Hemisphere - Statistics

General Stats
  • This quiz has been taken 22 times
    8 since last reset
  • The average score is 32 of 34
Answer Stats
Answer % Correct
Angola
100%
Argentina
100%
Australia
100%
Bolivia
100%
Botswana
100%
Chile
100%
Eswatini
100%
Fiji
100%
Lesotho
100%
Madagascar
100%
Namibia
100%
Nauru
100%
New Zealand
100%
Papua New Guinea
100%
Paraguay
100%
Peru
100%
Samoa
100%
South Africa
100%
Tonga
100%
Uruguay
100%
Vanuatu
100%
Zambia
100%
Zimbabwe
100%
Burundi
83%
Comoros
83%
East Timor
83%
Malawi
83%
Mauritius
83%
Mozambique
83%
Rwanda
83%
Seychelles
83%
Solomon Islands
83%
Tuvalu
83%
Tanzania
67%
No matching quizzes found
Score Distribution
Percent of People with Each Score
Percentile by Number Answered
Your Score History
You have not taken this quiz since the last reset